000 00710nam a2200217 i 4500
001 bg
100 1 _aPIETRZAK, Józef
245 1 0 _aNietzscheańska koncepcja wychowania /
_cJózef Pietrzak ; Wyższa Szkoła Pedagogiczna w Słupsku.
260 _aSłupsk :
_bWydaw. Uczelniane. WSP,
_c1997.
300 _a248 s., [8] s. tabl. :
_bfot., portr. ;
_c24 cm.
504 _aBibliogr. s. 242-247.
600 1 9 _aNietzsche, Friedrich (1844-1900)
_xtwórczość
650 9 _aWychowanie
_xfilozofia
_xhistoria
_zNiemcy
_y19 w.
020 _a8387006416
040 _cBPK
041 0 _apl
080 _a37.01:141](430)"18"A/Z
920 _a83-87006-41-6
942 _cKS
008 s pl f |000 0 pol
999 _c32587
_d32587
856 _uhttp://koha.tu.koszalin.pl/cgi-bin/koha/opac-detail.pl?biblionumber=32587
_yKatalog online BPK